Women's medicine : the Zar-Bori cult in Africa and beyond

Αποθηκεύτηκε σε:
Λεπτομέρειες βιβλιογραφικής εγγραφής
Άλλοι συγγραφείς: Lewis, I. M. (Επιμελητής έκδοσης), El Safi, Ahmed (Επιμελητής έκδοσης), Hurreiz, Sayed Hamid A. (Επιμελητής έκδοσης)
Μορφή: Βιβλίο
Γλώσσα:English
Δημοσίευση: Edingburgh : Edingburgh University Press, c1991
Σειρά:International African seminars ; ; 5
Θέματα:
Ετικέτες: Προσθήκη ετικέτας
Δεν υπάρχουν, Καταχωρήστε ετικέτα πρώτοι!

MARC

LEADER 00000nam a2200000 i 4500
001 1/15562
008 980619s1991 eng d
020 |a 0-7486-0261-5 
035 |l 10019873 
040 |a GR-MY-UA  |b gre  |e aacr 
041 0 |a eng 
082 0 |a 615.852 
245 1 0 |a Women's medicine :  |b the Zar-Bori cult in Africa and beyond /  |c Edited by I. M. Lewis; Ahmed Al-Safi; Sayyid Hurreiz 
260 |a Edingburgh :   |b Edingburgh University Press,   |c c1991 
300 |a 299 p. 
490 1 |a International African seminars  |v ; 5 
504 |a Includes bibliographical references and index 
650 0 0 |a Cults  |z Africa, North. 
650 0 0 |a Zar. 
650 0 0 |a Bori (Cult) 
650 0 0 |a Spiritual healing  |z Africa, North. 
650 0 0 |a Women  |z Africa, North  |x Religious life. 
650 0 0 |a Cults  |z Middle East. 
650 0 0 |a Spiritual healing  |z Middle East. 
650 0 0 |a Women  |z Middle East  |x Religious life. 
700 1 |a Lewis, I. M.  |4 edt 
700 1 |a El Safi, Ahmed.  |4 edt 
700 1 |a Hurreiz, Sayed Hamid A.  |4 edt 
830 0 |a International African seminars ;  |v ; 5 
852 |a INST  |b LESVOS  |e 19980619  |h 615.852 WOM  |p 005100014859  |q 005100014859  |t BK  |y 0 
901 |a BIBL-1998-2 
909 |a Λ  |b 043827 
922 |a 1ΔΩΡ  |b 199802  |c ΤΚΑ